000 00459nam a22001812 4500
001 0000005452
005 20151217160103.0
008 070614s xx 000 0 eng d
040 _aKABU
_cKABU
050 0 _aPE1119
_b.M3S56
100 1 _aMbure, Sam.
_@0000156757
245 1 0 _aSigns of ageing.
260 _aNairobi :
_bOUP,
_c2000.
300 _a28 p.
908 _a070614
950 _@1
999 _c14022
_d14022